000 00701nam a2200289Ia 4500
005 20260324150825.0
008 008 260324s9999 xx 000 0 eng d
020 _a9780203705025
037 _aEBOOK
040 _aCRL
040 _beng
040 _cCRL
041 _2eng
041 _aeng
084 _qCRL
100 _aFerdinand Canning Scott Schiller
_91227740
245 0 _aRevival: The Future of the British Empire (1936)
245 0 _bAfter Ten Years
260 _bTaylor and Francis
260 _c1936
365 _a
365 _b240
856 _uhttp://www.taylorfrancis.com/books/9780203705025
942 _cEBOOK
999 _c1837880
_d1837880